000 01705cam a2200373 i 4500
001 18680133
003 USPCAS-E
005 20180118164237.0
008 150629s2014 pk b 000 0 eng
010 _a 2015325381
020 _a9789695623756
025 _aP-E-2015325381; 33
037 _bLibrary of Congress -- Islamabad Overseas Office
_cRs 1095
040 _aDLC
_beng
_cDLC
_erda
_dDLC
042 _alcode
_apcc
043 _aa-ii---
050 0 0 _aDS480.45
_b.Q435 2014
082 _aDS480.45
_bNAD-Q 2015
245 0 4 _aThe Quaid-i-Azam Muhammad Ali Jinnah :
_bthe All India Muslim League, and the achievement of Pakistan (1906-47) /
_ccompiled & editd by Nadeem Shafiq Malik.
260 _aLahore, Pakistan
_bFiction House;
_cc2015
300 _aviii, 368 pages ;
_c24 cm
502 _a.
504 _aIncludes bibliographical references.
610 2 0 _aAll-India Muslim League.
650 0 _aMuslims
_xPolitical activity
_zIndia.
651 0 _aIndia
_xPolitics and government
_y1919-1947.
700 1 _aMalik, Nadeem Shafiq,
_ecompiler.
856 4 1 _3Table of contents only
_uhttp://www.loc.gov/catdir/toc/fy16pdf02/2015325381.html
906 _a7
_bcbc
_corigode
_d3
_encip
_f20
_gy-gencatlg
942 _2ddc
_cBK
999 _c355165
_d355165